Xu hướng xử lý khủng hoảng truyền thông trong các doanh nghiệp vừa và nhỏ tại VN /

Cơ so li luan ve quan he cong chung va khung hoang truyen thong.

Đã lưu trong:
書目詳細資料
主要作者: Trần Nguyên Phương Khánh ThS Le Đưc Tien hướng dẫn
其他作者: ThS Le Đưc Tien huong dan
格式: 未知
語言:Vietnamese
出版: ĐHĐN-Trương ĐH ngoai ngữ, 2013.
叢編:Luan văn sinh vien
主題:
標簽: 添加標簽
沒有標簽, 成為第一個標記此記錄!
Thư viện lưu trữ: Mạng thư viện Đại học Đà Nẵng
LEADER 01649na a2200349 4500
001 000031277
003 5916
005 20220825142314.0
008 151001s2013 000 vie
040 |a LNN 
041 |a VIE 
082 |a 959.7302  |b TR-K 
100 |a Trần Nguyên Phương Khánh  |b ThS Le Đưc Tien  |c hướng dẫn 
245 0 |a Xu hướng xử lý khủng hoảng truyền thông trong các doanh nghiệp vừa và nhỏ tại VN /  |c Trần Nguyên Phương Khánh. 
246 |a Luan văn tot nghiep 
260 |b ĐHĐN-Trương ĐH ngoai ngữ,  |c 2013. 
300 |a 30cm :  |b 75 tr;. 
490 |a Luan văn sinh vien  |b Chuyen nghanh Quoc te hoc 
520 |a Cơ so li luan ve quan he cong chung va khung hoang truyen thong.  |x Thực trạng va xu hướng xử l khủng hoảng truyen thong trong cac DN  |y Những kien nghị trong cong tac xử ly khung hoang truyen thong.  |z Cach thưc đoi pho hieu qua đoi mơi voi khung hoang. 
650 |a Doanh nghiep,truyen thong doanh nghiep VN 
653 |a Trần Nguyên Phương Khánh, 2013, doanh nghiệp vua va nho tai VN. 
700 |a ThS Le Đưc Tien  |b huong dan 
852 |b Luận văn sinh viên  |c Quoc te hoc 
OWN |a LNN 
AVA |a UDN50  |b LNN  |d 959.7302 TR-K  |e available  |t Error 5001 Not defined in file expand_doc_bib_avail.  |f 3  |g 0  |h N  |i 0 
999 |a From the UDN01 
AVA |a UDN50  |b LNN  |d 959.7302 TR-K  |e available  |t Error 5001 Not defined in file expand_doc_bib_avail.  |f 3  |g 0  |h N  |i 0 
TYP |a Printed language 
980 |a Mạng thư viện Đại học Đà Nẵng